2020-21 Atlético Madrid Squad - Statistics

General Stats
  • This quiz has been taken 64 times
  • The average score is 18 of 24
Answer Stats
Squad Number Position Nationality Player % Correct
13 GK Slovenian Jan Oblak
98%
6 CM Spanish Koke
94%
9 ST Uruguayan Luis Suárez
94%
7 SS Portuguese João Félix
93%
23 RB English Kieran Trippier
91%
15 CB Montenegrin Stefan Savić
91%
2 CB Uruguayan José Giménez
89%
8 CM Spanish Saúl
89%
21 LW Belgian Yannick Carrasco
89%
10 RW Argentine Ángel Correa
87%
11 LW French Thomas Lemar
85%
- Manager Argentine Diego Simeone
83%
16 CM Mexican Héctor Herrera
83%
12 LB Brazilian Renan Lodi
83%
18 CB Brazilian Felipe
80%
14 CM Spanish Marcos Llorente
78%
24 RB Croatian Šime Vrsaljko
76%
19 ST Spanish Diego Costa
72%
22 CB Spanish Mario Hermoso
70%
5 DM Uruguayan Lucas Torreira
65%
1 GK Croatian Ivo Grbić
50%
20 LW Spanish Vitolo
35%
17 CF Serbian Ivan Šaponjić
33%
3 LB Spanish Manu Sánchez
26%
No matching quizzes found
Score Distribution
Percent of People with Each Score
Percentile by Number Answered
Your Score History
You have not taken this quiz